Xác suất thống kê và qui hoạch thực nghiệm

保存先:
書誌詳細
第一著者: Lâm Khải Bình
フォーマット: 図書
言語:Undetermined
出版事項: Hà Nội Trường Đại học Bách khoa Hà Nội 1993
主題:
タグ: タグ追加
タグなし, このレコードへの初めてのタグを付けませんか!
Thư viện lưu trữ: Trung tâm Học liệu Trường Đại học Cần Thơ
LEADER 00538nam a2200169Ia 4500
001 CTU_35497
008 210402s9999 xx 000 0 und d
082 |a 519 
082 |b B312 
100 |a Lâm Khải Bình 
245 0 |a Xác suất thống kê và qui hoạch thực nghiệm 
245 0 |c Lâm Khải Bình 
260 |a Hà Nội 
260 |b Trường Đại học Bách khoa Hà Nội 
260 |c 1993 
650 |a probabilities,statistics 
980 |a Trung tâm Học liệu Trường Đại học Cần Thơ